Dexter Episodes - Statistics

General Stats
  • This quiz has been taken 67 times
  • The average score is 17 of 96
Answer Stats
No. Title % Correct
1 Dexter
66%
48 The Getaway
64%
12 Born Free
59%
47 Hello, Dexter Morgan
58%
24 The British Invasion
42%
96 Remember the Monsters?
41%
2 Crocodile
39%
73 Are You...?
32%
36 Do You Take Dexter Morgan?
31%
49 My Bad
31%
67 Nebraska
27%
26 Finding Freebo
25%
45 Hungry Man
25%
21 Resistance Is Futile
25%
84 Surprise, Motherfucker!
25%
46 Lost Boys
24%
3 Popping Cherry
22%
18 Dex, Lies, and Videotape
20%
13 It's Alive!
20%
9 Father Knows Best
19%
37 Living the Dream
19%
25 Our Father
19%
8 Shrink Wrap
19%
17 The Dark Defender
19%
22 There's Something About Harry
19%
72 This Is the Way the World Ends
19%
80 Argentina
17%
7 Circle of Friends
17%
40 Dex Takes a Holiday
17%
41 Dirty Harry
17%
54 Everything Is Illumenated
17%
69 Get Gellar
17%
23 Left Turn Ahead
17%
5 Love American Style
17%
44 Road Kill
17%
43 Slack Tide
17%
56 Take It!
17%
19 That Night, a Forest Grew
17%
60 The Big One
17%
11 Truth Be Told
17%
52 Beauty and the Beast
15%
50 Hello, Bandit
15%
42 If I Had a Hammer
15%
33 About Last Night
14%
28 All in the Family
14%
15 An Inconvenient Lie
14%
39 Blinded by the Light
14%
55 Circle Us
14%
35 I Had a Dream
14%
4 Let's Give the Boy a Hand
14%
20 Morning Comes
14%
38 Remains to Be Seen
14%
6 Return to Sender
14%
10 Seeing Red
14%
57 Teenage Wasteland
14%
79 Chemistry
12%
31 Easy as Pie
12%
53 First Blood
12%
94 Goodbye Miami
12%
34 Go Your Own Way
12%
58 In the Beginning
12%
66 Just Let Go
12%
51 Practically Perfect
12%
70 Ricochet Rabbit
12%
76 Run
12%
88 Scar Tissue
12%
16 See-Through
12%
30 Sí Se Puede
12%
32 The Damage a Man Can Do
12%
27 The Lion Sleeps Tonight
12%
29 Turning Biminese
12%
14 Waiting to Exhale
12%
87 What's Eating Dexter Morgan?
12%
85 A Beautiful Day
10%
75 Buck the System
10%
83 Do You See What I See?
10%
59 Hop a Freighter
10%
62 Once Upon a Time...
10%
68 Sin of Omission
10%
63 Smokey and the Bandit
10%
71 Talk to the Hand
10%
65 The Angel of Death
10%
64 A Horse of a Different Color
8%
93 Make Your Own Kind of Music
8%
95 Monkey in a Box
8%
82 The Dark... Whatever
8%
61 Those Kinds of Things
8%
90 A Little Reflection
7%
78 Do the Wrong Thing
7%
91 Dress Code
7%
86 Every Silver Lining...
7%
81 Helter Skelter
7%
74 Sunshine and Frosty Swirl
7%
89 This Little Piggy
7%
92 Are We There Yet?
5%
77 Swim Deep
5%
No matching quizzes found
Score Distribution
Percent of People with Each Score
Percentile by Number Answered
Your Score History
You have not taken this quiz